000 00800nam a2200253 i 4500
003 DO-SdUEMH
005 20260113161353.0
007 ta
008 260113s2010 sp a|||gr|||| 00| 0 spa d
020 _a9788436824278
040 _aDO-SdUEMH
_bspa
_erda
041 _aspa
082 1 4 _mCG
_bT861
100 1 _eaut
245 _aReposicionamiento:
_bla estrategia competitiva en una era de hipercompetencia, cambio y crisis /
_cJack Trout
264 1 _aMadrid, España :
_bMcGraw-Hill,
_c2010
264 4 _c©2010
300 _a188 páginas :
_bilustraciones ;
_c23 cm.
336 _2rdacontent
_atexto
_btxt
337 _2rdamedia
_asin mediación
_bn
338 _2rdacarrier
_avolumen
_bnc
505 2 _aLa competencia -- El cambio -- Crisis -- El arte del reposicionamiento.
942 _2ddc
_cBK
_n0
999 _c18330
_d18330